00866nam a2200217 a 450000100100000000500170001000800410002704000250006808200200009310000280011324500450014126000560018630000280024259000260027065000280029665000310032491000390035595201170039495201220051199900150063300000950920240412074211.0090930s1974 dr a 000 p spa d aDO-SdBNPbspacBNPHU aRD861.44bA366b1 aAlejandra, Mayda92432510aBotones de mi huerto /cMayda Alejandra. aSanto Domingo :fEditora Cultural Dominicanac1974. a103 p. :bil. ;c21 cm. aInventariado, 2018/VM 0aPoesía dominicana966 0aLiteratura dominicana.967 aValidado. Control de calidad BNPHU 0010718PDaPDbPDcHDd2009-09-30iLF1l0oRD861.44 A366bp9509-10r2020-06-25w2020-06-25yLFPDZNo se presta 0010718PDaPDbPDcHDd2009-09-30iLF1l0oRD861.44 A366bp9509-20r2020-06-25te.2w2020-06-25yLFPDZNo se presta c9269d9269